(Do The) Act Like You Never Met Me - TV Girl (Lyrics) - Statistics

General Stats
  • This quiz has been taken 63 times
  • The average score is 191 of 258
Answer Stats
Answer % Correct
a
100%
act
100%
Act
100%
Do
100%
do
100%
like
100%
me
100%
met
100%
never
100%
Never
100%
the
100%
The
100%
you
100%
I
86%
And
84%
on
78%
your
78%
so
76%
So
76%
around
73%
away
73%
walk
73%
when
73%
When
73%
in
70%
that
70%
to
70%
How
68%
how
68%
it
68%
look
68%
my
68%
slowly
68%
way
68%
again
65%
hands
65%
other
65%
really
65%
we
65%
Put
62%
don't
59%
Don't
59%
Have
59%
heard
59%
left
59%
Now
59%
pockets
59%
right
59%
talk
59%
tell
59%
everybody
57%
out
57%
turn
57%
craze
54%
guy
54%
It's
54%
shimmy
54%
Slide
54%
slide
54%
as
51%
before
51%
Before
51%
door
51%
Gather
51%
latest
51%
night
51%
once
51%
one
51%
Remember
51%
was
51%
with
51%
answer
49%
back
49%
couch
49%
great
49%
happened
49%
him
49%
mind
49%
Pretend
49%
pretend
49%
smile
49%
spend
49%
That's
49%
were
49%
always
46%
Arch
46%
Bounce
46%
clumsy
46%
glance
46%
kisses
46%
know
46%
laughing
46%
naked
46%
someone
46%
those
46%
times
46%
conspiratory
43%
easy
43%
morning
43%
o'clock
43%
point
43%
texts
43%
than
43%
three
43%
At
41%
couple
41%
did
41%
Dip
41%
more
41%
much
41%
step
41%
But
38%
danced
38%
hidden
38%
Politely
38%
sorry
38%
Take
38%
while
38%
Just
35%
not
35%
simpler
32%
they're
27%
toe
27%
though
22%
No matching quizzes found
Score Distribution
Percent of People with Each Score
Percentile by Number Answered
Your Score History
You have not taken this quiz